| 000 | 01053nam a2200289 i 4500 | ||
|---|---|---|---|
| 001 | 000022404 | ||
| 003 | DO-SdBNP | ||
| 005 | 20260527074041.0 | ||
| 006 | a||||er|||| 00| 0 | ||
| 007 | ta | ||
| 008 | 101007t1999 dr abd 001 0 spa d | ||
| 040 |
_aDO-SdBNP _bspa _cBNPHU _erda |
||
| 082 | 4 |
_a324.27293 _bC389p _222 |
|
| 100 | 1 |
_aLivio Cedeño, Víctor _946200 _dautor |
|
| 245 | 1 | 4 |
_aLos partidos políticos en la República Dominicana / _cVíctor Livio Cedeño. |
| 264 | 1 |
_aSanto Domingo : _bFandación de Desarrollo Social, Político y Económico, _bDíalogo, _c1999 |
|
| 300 |
_a325 páginas : _bIlustraciones, gráficas, mapa ; _c21 cm. |
||
| 336 |
_2rdacontent _atexto _btxt |
||
| 337 |
_2rdamedia _asin mediación _bn |
||
| 338 |
_2rdacarrier _avolumen _bnc |
||
| 590 | _aInventariado, 2023 /MF | ||
| 650 | 0 |
_aPartidos políticos _zRepública Dominicana _9285 |
|
| 650 | 4 |
_aElecciones _zRepública Dominicana _92992 |
|
| 651 | 0 |
_aRepública Dominicana _xPolítica y gobierno _945 |
|
| 910 | _aValidado. Control de calidad MFF | ||
| 942 |
_2ddc _cLBS1 |
||
| 999 |
_c21902 _d21902 |
||